[Event "Irena Warakomska Memorial A"]
[Site "Suwalki"]
[Date "2021.08.01"]
[Round "7"]
[White "Dzhuguryan, Tygran"]
[Black "Rozentalis, Eduardas"]
[Result "0-1"]
[Board "11"]
[WhiteElo "2176"]
[WhiteCountry "POL"]
[WhiteFideId "21872988"]
[WhiteEloChange "-2"]
[BlackElo "2520"]
[BlackTitle "GM"]
[BlackCountry "LTU"]
[BlackFideId "12800023"]
[BlackEloChange "1"]

1. d4 {[%clk 1:30:56]} Nf6 {[%clk 1:30:46]} 2. c4 {[%clk 1:31:18]} e6 {[%clk
1:31:07]} 3. Nc3 {[%clk 1:31:27]} Bb4 {[%clk 1:31:31]} 4. Qc2 {[%clk 1:31:52]} d6
{[%clk 1:29:32]} 5. Nf3 {[%clk 1:30:57]} O-O {[%clk 1:28:41]} 6. g3 {[%clk
1:23:14]} Qe7 {[%clk 1:28:41]} 7. a3 {[%clk 1:28:18]} Bxc3+ {[%clk 1:24:36]} 8.
Qxc3 {[%clk 1:28:43]} Re8 {[%clk 1:23:43]} 9. Bg2 {[%clk 1:28:24]} e5 {[%clk
1:24:00]} 10. d5 {[%clk 1:22:00]} c6 {[%clk 1:17:43]} 11. dxc6 {[%clk 1:16:28]}
Nxc6 {[%clk 1:17:39]} 12. O-O {[%clk 1:16:36]} h6 {[%clk 1:14:57]} 13. Nd2 {[%clk
1:04:36]} Bg4 {[%clk 1:10:51]} 14. f3 {[%clk 1:04:40]} Be6 {[%clk 1:11:11]} 15.
e4 {[%clk 1:05:07]} Rac8 {[%clk 1:10:14]} 16. a4 {[%clk 1:01:30]} Nd4 {[%clk
1:07:46]} 17. Qd3 {[%clk 1:01:02]} Qc7 {[%clk 1:04:09]} 18. b3 {[%clk 1:00:56]}
Nd7 {[%clk 1:04:32]} 19. Rf2 {[%clk 1:01:04]} Nc5 {[%clk 1:01:42]} 20. Qc3 {[%clk
0:55:41]} a5 {[%clk 1:01:30]} 21. Bf1 {[%clk 0:53:05]} f5 {[%clk 0:53:05]} 22.
Bh3 {[%clk 0:46:28]} Qb6 {[%clk 0:43:06]} 23. Kg2 {[%clk 0:46:54]} fxe4 {[%clk
0:42:53]} 24. Bxe6+ {[%clk 0:47:18]} Rxe6 {[%clk 0:42:44]} 25. Nxe4 {[%clk
0:45:34]} Qxb3 {[%clk 0:27:45]} 26. Bd2 {[%clk 0:40:30]} Nxe4 {[%clk 0:22:22]}
27. fxe4 {[%clk 0:40:57]} Qxc3 {[%clk 0:22:32]} 28. Bxc3 {[%clk 0:41:25]} Rxc4
{[%clk 0:22:55]} 29. Bxd4 {[%clk 0:40:11]} Rxd4 {[%clk 0:21:53]} 30. Rb2 {[%clk
0:37:57]} Rxe4 {[%clk 0:20:08]} 31. Rxb7 {[%clk 0:37:39]} Re2+ {[%clk 0:20:26]}
32. Kf3 {[%clk 0:36:52]} Rxh2 {[%clk 0:19:58]} 33. Rb5 {[%clk 0:37:20]} e4+
{[%clk 0:19:15]} 34. Kg4 {[%clk 0:34:29]} e3 {[%clk 0:14:23]} 35. Rxa5 {[%clk
0:34:35]} e2 {[%clk 0:13:42]} 36. Re1 {[%clk 0:35:03]} Rf2 {[%clk 0:13:50]} 37.
Rf5 {[%clk 0:35:02]} Rg6+ {[%clk 0:14:10]} 0-1

[Event "Irena Warakomska Memorial A"]
[Site "Suwalki"]
[Date "2021.08.01"]
[Round "7"]
[White "Kiolbasa, Oliwia"]
[Black "Leniart, Arkadiusz"]
[Result "1/2-1/2"]
[Board "12"]
[WhiteElo "2255"]
[WhiteTitle "WIM"]
[WhiteCountry "POL"]
[WhiteFideId "1154613"]
[WhiteEloChange "6"]
[BlackElo "2499"]
[BlackTitle "GM"]
[BlackCountry "POL"]
[BlackFideId "1124226"]
[BlackEloChange "-3"]

1. e4 {[%clk 1:30:38]} c5 {[%clk 1:30:52]} 2. Nf3 {[%clk 1:30:51]} Nc6 {[%clk
1:31:13]} 3. d4 {[%clk 1:31:10]} cxd4 {[%clk 1:31:37]} 4. Nxd4 {[%clk 1:31:35]}
e5 {[%clk 1:32:02]} 5. Nb5 {[%clk 1:31:47]} d6 {[%clk 1:32:27]} 6. N1c3 {[%clk
1:31:51]} a6 {[%clk 1:32:50]} 7. Na3 {[%clk 1:32:15]} Be7 {[%clk 1:33:13]} 8. Nc4
{[%clk 1:25:46]} b5 {[%clk 1:33:30]} 9. Ne3 {[%clk 1:25:41]} Nf6 {[%clk 1:33:53]}
10. Ned5 {[%clk 1:16:52]} O-O {[%clk 1:28:59]} 11. g3 {[%clk 1:06:27]} Be6 {[%clk
1:24:12]} 12. Bg2 {[%clk 1:05:13]} Rc8 {[%clk 1:14:17]} 13. Nxf6+ {[%clk
0:55:14]} Bxf6 {[%clk 1:14:38]} 14. Nd5 {[%clk 0:55:19]} Bg5 {[%clk 1:06:43]} 15.
O-O {[%clk 0:53:54]} Bxc1 {[%clk 1:06:39]} 16. Rxc1 {[%clk 0:53:57]} Bxd5 {[%clk
1:03:50]} 17. exd5 {[%clk 0:51:48]} Ne7 {[%clk 1:03:37]} 18. Qe2 {[%clk 0:33:50]}
Rc5 {[%clk 0:58:51]} 19. Rcd1 {[%clk 0:31:46]} Qb6 {[%clk 0:51:21]} 20. Kh1
{[%clk 0:25:44]} Rc7 {[%clk 0:51:39]} 21. c3 {[%clk 0:23:48]} a5 {[%clk 0:42:10]}
22. a3 {[%clk 0:22:10]} Rb8 {[%clk 0:38:37]} 23. f4 {[%clk 0:16:52]} exf4 {[%clk
0:32:55]} 24. Rxf4 {[%clk 0:17:08]} Ng6 {[%clk 0:33:05]} 25. Re4 {[%clk 0:17:25]}
Ne5 {[%clk 0:30:41]} 26. Rf1 {[%clk 0:16:10]} Re7 {[%clk 0:27:54]} 27. Qd2 {[%clk
0:15:58]} Rf8 {[%clk 0:25:13]} 28. Qe3 {[%clk 0:06:39]} Qxe3 {[%clk 0:20:52]} 29.
Rxe3 {[%clk 0:07:08]} f5 {[%clk 0:21:11]} 30. h4 {[%clk 0:06:22]} g6 {[%clk
0:20:50]} 31. Re2 {[%clk 0:05:04]} Rc7 {[%clk 0:18:40]} 32. Rf4 {[%clk 0:04:08]}
Rb8 {[%clk 0:15:06]} 33. Kg1 {[%clk 0:04:12]} Kf7 {[%clk 0:14:25]} 34. Bh3 {[%clk
0:03:50]} Rc4 {[%clk 0:13:39]} 35. Bf1 {[%clk 0:03:08]} Rc5 {[%clk 0:06:59]} 36.
Rd2 {[%clk 0:03:22]} Kf6 {[%clk 0:06:46]} 37. Be2 {[%clk 0:03:35]} h5 {[%clk
0:03:58]} 38. Kg2 {[%clk 0:03:30]} Nd7 {[%clk 0:03:38]} 39. Rfd4 {[%clk 0:03:04]}
Kf7 {[%clk 0:03:00]} 40. Bf3 {[%clk 0:31:42]} Re8 {[%clk 0:32:18]} 41. Be2 {[%clk
0:22:49]} Nf6 {[%clk 0:30:39]} 42. Bf3 {[%clk 0:21:53]} Re5 {[%clk 0:27:20]} 43.
Rd1 {[%clk 0:17:29]} Ke7 {[%clk 0:25:04]} 44. Kf1 {[%clk 0:14:48]} Kd8 {[%clk
0:23:35]} 45. Kg2 {[%clk 0:12:55]} Kc7 {[%clk 0:21:05]} 46. Kg1 {[%clk 0:12:08]}
Kb6 {[%clk 0:20:43]} 47. a4 {[%clk 0:10:09]} bxa4 {[%clk 0:16:10]} 48. Rxa4
{[%clk 0:10:30]} Rb5 {[%clk 0:15:23]} 49. Rc4 {[%clk 0:05:29]} Rc5 {[%clk
0:13:38]} 50. Ra4 {[%clk 0:04:30]} Ng4 {[%clk 0:11:18]} 51. Rb1 {[%clk 0:02:55]}
Re3 {[%clk 0:10:28]} 52. b4 {[%clk 0:01:07]} Rcxc3 {[%clk 0:09:48]} 53. bxa5+
{[%clk 0:01:30]} Ka7 {[%clk 0:05:33]} 54. Bxg4 {[%clk 0:01:37]} Rxg3+ {[%clk
0:05:55]} 55. Kh2 {[%clk 0:00:46]} hxg4 {[%clk 0:05:10]} 56. Rab4 {[%clk
0:01:06]} Rh3+ {[%clk 0:05:30]} 57. Kg2 {[%clk 0:01:32]} Rc2+ {[%clk 0:05:21]}
58. Kg1 {[%clk 0:01:48]} Rc7 {[%clk 0:04:58]} 59. Rb6 {[%clk 0:01:49]} Rd7 {[%clk
0:03:57]} 60. Rc1 {[%clk 0:01:38]} Rd3 {[%clk 0:03:45]} 61. Rcc6 {[%clk 0:01:35]}
Rxd5 {[%clk 0:04:00]} 62. Ra6+ {[%clk 0:01:54]} Kb8 {[%clk 0:04:26]} 63. Rab6+
{[%clk 0:01:45]} Rb7 {[%clk 0:04:16]} 64. Rxd6 {[%clk 0:01:54]} Rxb6 {[%clk
0:03:32]} 65. Rxb6+ {[%clk 0:02:15]} Kc7 {[%clk 0:03:57]} 66. Rxg6 {[%clk
0:02:22]} Rxa5 {[%clk 0:04:17]} 67. h5 {[%clk 0:02:21]} Kd7 {[%clk 0:04:13]} 68.
h6 {[%clk 0:02:23]} Ra3 {[%clk 0:04:32]} 69. h7 {[%clk 0:01:24]} Rh3 {[%clk
0:04:53]} 70. Rf6 {[%clk 0:01:46]} Rxh7 {[%clk 0:04:54]} 71. Rxf5 {[%clk
0:02:12]} Ke6 {[%clk 0:05:14]} 72. Rf4 {[%clk 0:02:28]} Rg7 {[%clk 0:05:36]} 73.
Kg2 {[%clk 0:02:52]} Ke5 {[%clk 0:06:03]} 1/2-1/2

[Event "Irena Warakomska Memorial A"]
[Site "Suwalki"]
[Date "2021.08.01"]
[Round "7"]
[White "Hnydiuk, Aleksander"]
[Black "Indriunas, Matas"]
[Result "1-0"]
[Board "13"]
[WhiteElo "2407"]
[WhiteTitle "IM"]
[WhiteCountry "POL"]
[WhiteFideId "1109057"]
[WhiteEloChange "2"]
[BlackElo "2210"]
[BlackCountry "LTU"]
[BlackFideId "12812897"]
[BlackEloChange "-5"]

1. Nf3 {[%clk 1:28:07]} Nf6 {[%clk 1:30:48]} 2. c4 {[%clk 1:28:33]} e6 {[%clk
1:31:11]} 3. g3 {[%clk 1:28:56]} a6 {[%clk 1:31:29]} 4. Bg2 {[%clk 1:28:51]} b5
{[%clk 1:31:44]} 5. b3 {[%clk 1:29:16]} Bb7 {[%clk 1:31:47]} 6. Nc3 {[%clk
1:28:44]} b4 {[%clk 1:32:02]} 7. Na4 {[%clk 1:29:09]} Be7 {[%clk 1:32:15]} 8. O-O
{[%clk 1:29:27]} O-O {[%clk 1:32:24]} 9. a3 {[%clk 1:24:53]} a5 {[%clk 1:32:13]}
10. axb4 {[%clk 1:25:18]} axb4 {[%clk 1:32:00]} 11. Bb2 {[%clk 1:21:09]} d6
{[%clk 1:28:25]} 12. d4 {[%clk 1:20:32]} Nbd7 {[%clk 1:26:13]} 13. Qd2 {[%clk
0:43:16]} c5 {[%clk 1:22:15]} 14. dxc5 {[%clk 0:42:54]} dxc5 {[%clk 1:15:19]} 15.
Rfd1 {[%clk 0:43:19]} Qc7 {[%clk 1:06:38]} 16. Qf4 {[%clk 0:43:35]} Qxf4 {[%clk
1:01:40]} 17. gxf4 {[%clk 0:44:03]} Rfd8 {[%clk 0:56:06]} 18. Ne5 {[%clk
0:38:31]} Bxg2 {[%clk 0:56:00]} 19. Kxg2 {[%clk 0:38:57]} Nxe5 {[%clk 0:41:17]}
20. Bxe5 {[%clk 0:39:22]} Ne4 {[%clk 0:39:29]} 21. f3 {[%clk 0:13:59]} f6 {[%clk
0:27:25]} 22. fxe4 {[%clk 0:08:13]} fxe5 {[%clk 0:27:48]} 23. f5 {[%clk 0:08:01]}
Rd4 {[%clk 0:23:20]} 24. fxe6 {[%clk 0:06:21]} Rxe4 {[%clk 0:19:50]} 25. Nxc5
{[%clk 0:03:09]} Rxe2+ {[%clk 0:18:00]} 26. Kf3 {[%clk 0:03:18]} Raa2 {[%clk
0:18:19]} 27. Rxa2 {[%clk 0:03:15]} Rxa2 {[%clk 0:18:43]} 28. Rd7 {[%clk
0:02:33]} Kf8 {[%clk 0:18:48]} 29. Nd3 {[%clk 0:01:37]} Ra6 {[%clk 0:18:13]} 30.
Ke4 {[%clk 0:01:12]} Rxe6 {[%clk 0:18:16]} 31. c5 {[%clk 0:01:35]} Rh6 {[%clk
0:13:27]} 32. Kxe5 {[%clk 0:01:03]} Rxh2 {[%clk 0:13:23]} 33. Rb7 {[%clk
0:00:32]} Rd2 {[%clk 0:12:31]} 34. Ke4 {[%clk 0:00:34]} Rc2 {[%clk 0:12:26]} 35.
Rb8+ {[%clk 0:00:50]} Kf7 {[%clk 0:12:46]} 36. Ne5+ {[%clk 0:01:15]} Kf6 {[%clk
0:12:49]} 37. Rb6+ {[%clk 0:01:26]} Kg5 {[%clk 0:13:08]} 38. c6 {[%clk 0:01:05]}
Re2+ {[%clk 0:07:28]} 39. Kd5 {[%clk 0:00:53]} Kf5 {[%clk 0:07:11]} 40. Nf3
{[%clk 0:30:42]} Bd8 {[%clk 0:34:45]} 41. Nd4+ {[%clk 0:23:52]} Kg4 {[%clk
0:34:12]} 42. Rb7 {[%clk 0:20:10]} Re3 {[%clk 0:33:34]} 43. Rxg7+ {[%clk
0:20:17]} 1-0

[Event "Irena Warakomska Memorial A"]
[Site "Suwalki"]
[Date "2021.08.01"]
[Round "7"]
[White "Szpar, Milosz"]
[Black "Juknis, Paulius"]
[Result "1-0"]
[Board "14"]
[WhiteElo "2392"]
[WhiteTitle "FM"]
[WhiteCountry "POL"]
[WhiteFideId "1184989"]
[WhiteEloChange "4"]
[BlackElo "2172"]
[BlackCountry "LTU"]
[BlackFideId "12802247"]
[BlackEloChange "-4"]

1. e4 {[%clk 1:27:24]} g6 {[%clk 1:30:47]} 2. d4 {[%clk 1:26:40]} Bg7 {[%clk
1:30:55]} 3. Nf3 {[%clk 1:26:29]} d6 {[%clk 1:30:29]} 4. Bc4 {[%clk 1:26:42]} e6
{[%clk 1:29:41]} 5. Bb3 {[%clk 1:25:57]} Ne7 {[%clk 1:28:06]} 6. O-O {[%clk
1:25:33]} O-O {[%clk 1:28:03]} 7. Re1 {[%clk 1:25:35]} b6 {[%clk 1:25:24]} 8.
Nbd2 {[%clk 1:23:44]} Bb7 {[%clk 1:24:05]} 9. Nf1 {[%clk 1:23:42]} Nd7 {[%clk
1:23:49]} 10. Ng3 {[%clk 1:23:41]} Nf6 {[%clk 1:17:33]} 11. c3 {[%clk 1:22:53]}
h6 {[%clk 1:12:07]} 12. Bc2 {[%clk 1:14:11]} Nd7 {[%clk 1:02:33]} 13. Be3 {[%clk
1:06:31]} Kh7 {[%clk 0:50:30]} 14. h4 {[%clk 0:56:09]} e5 {[%clk 0:46:57]} 15. h5
{[%clk 0:55:29]} Ng8 {[%clk 0:44:15]} 16. Nh2 {[%clk 0:43:37]} Qh4 {[%clk
0:39:37]} 17. Qe2 {[%clk 0:39:39]} a6 {[%clk 0:30:27]} 18. a4 {[%clk 0:35:25]}
Kh8 {[%clk 0:26:42]} 19. Rf1 {[%clk 0:28:27]} Ne7 {[%clk 0:21:07]} 20. Qc4 {[%clk
0:21:18]} Rac8 {[%clk 0:20:02]} 21. hxg6 {[%clk 0:18:28]} fxg6 {[%clk 0:19:51]}
22. Qe6 {[%clk 0:18:29]} Rcd8 {[%clk 0:18:53]} 23. Nf3 {[%clk 0:18:40]} Qf6
{[%clk 0:18:44]} 24. Qh3 {[%clk 0:19:04]} Bc8 {[%clk 0:16:46]} 25. Bxh6 {[%clk
0:17:33]} Nb8 {[%clk 0:16:20]} 26. Qh2 {[%clk 0:15:06]} Kg8 {[%clk 0:15:50]} 27.
Bg5 {[%clk 0:06:45]} Qf7 {[%clk 0:15:11]} 28. Bxe7 {[%clk 0:06:26]} Qxe7 {[%clk
0:15:33]} 29. Bb3+ {[%clk 0:06:37]} d5 {[%clk 0:15:46]} 30. exd5 {[%clk 0:06:13]}
1-0

[Event "Irena Warakomska Memorial A"]
[Site "Suwalki"]
[Date "2021.08.01"]
[Round "7"]
[White "Krzywda, Andrzej"]
[Black "Lukasiewicz, Krzysztof"]
[Result "0-1"]
[Board "15"]
[WhiteElo "2105"]
[WhiteTitle "CM"]
[WhiteCountry "POL"]
[WhiteFideId "1114565"]
[WhiteEloChange "-4"]
[BlackElo "2359"]
[BlackTitle "FM"]
[BlackCountry "POL"]
[BlackFideId "1166042"]
[BlackEloChange "4"]

1. e4 {[%clk 1:30:58]} e5 {[%clk 1:30:49]} 2. Nf3 {[%clk 1:31:18]} Nc6 {[%clk
1:31:14]} 3. d4 {[%clk 1:31:32]} exd4 {[%clk 1:31:40]} 4. Nxd4 {[%clk 1:31:59]}
Qf6 {[%clk 1:32:04]} 5. Nf3 {[%clk 1:20:19]} Bb4+ {[%clk 1:30:36]} 6. c3 {[%clk
1:13:31]} Bc5 {[%clk 1:28:47]} 7. Bd3 {[%clk 1:10:52]} h6 {[%clk 1:26:13]} 8.
Nbd2 {[%clk 1:08:07]} Nge7 {[%clk 1:22:16]} 9. Nc4 {[%clk 1:04:02]} d5 {[%clk
1:12:59]} 10. exd5 {[%clk 0:58:13]} Nxd5 {[%clk 1:12:47]} 11. O-O {[%clk
0:57:18]} Be6 {[%clk 1:08:52]} 12. Nfd2 {[%clk 0:54:47]} O-O-O {[%clk 0:55:46]}
13. Ne4 {[%clk 0:54:26]} Qe7 {[%clk 0:56:10]} 14. Qe2 {[%clk 0:38:56]} Rhe8
{[%clk 0:50:45]} 15. g3 {[%clk 0:28:21]} f5 {[%clk 0:38:15]} 16. Ned2 {[%clk
0:21:45]} Qf6 {[%clk 0:33:51]} 17. Qf3 {[%clk 0:18:28]} g5 {[%clk 0:31:19]} 18.
Re1 {[%clk 0:17:14]} g4 {[%clk 0:22:11]} 19. Qe2 {[%clk 0:11:56]} Nxc3 {[%clk
0:15:36]} 20. Qf1 {[%clk 0:10:02]} Nb4 {[%clk 0:14:57]} 21. bxc3 {[%clk 0:08:01]}
Nxd3 {[%clk 0:15:22]} 22. Re2 {[%clk 0:07:57]} Qxc3 {[%clk 0:14:15]} 23. Bb2
{[%clk 0:06:12]} Nxb2 {[%clk 0:14:12]} 24. Rc1 {[%clk 0:06:32]} Qf6 {[%clk
0:12:47]} 25. Nxb2 {[%clk 0:06:25]} Ba3 {[%clk 0:12:58]} 26. Nbc4 {[%clk
0:03:03]} Bxc1 {[%clk 0:13:15]} 27. Qxc1 {[%clk 0:03:12]} Bxc4 {[%clk 0:11:14]}
28. Qxc4 {[%clk 0:03:25]} Rxe2 {[%clk 0:11:27]} 29. Qxe2 {[%clk 0:03:43]} Qd6
{[%clk 0:10:59]} 30. Nf1 {[%clk 0:04:02]} Qd5 {[%clk 0:11:07]} 31. Qe3 {[%clk
0:04:18]} b6 {[%clk 0:11:18]} 32. Qxh6 {[%clk 0:04:35]} Qf3 {[%clk 0:11:08]} 33.
Qe6+ {[%clk 0:02:30]} Kb7 {[%clk 0:11:34]} 34. Qc4 {[%clk 0:02:34]} Rd1 {[%clk
0:10:46]} 35. a4 {[%clk 0:02:57]} a5 {[%clk 0:11:06]} 36. Qb5 {[%clk 0:03:02]}
Rc1 {[%clk 0:11:20]} 37. Qb2 {[%clk 0:02:19]} Qd1 {[%clk 0:11:44]} 38. Qb5 {[%clk
0:02:27]} c6 {[%clk 0:12:09]} 0-1

[Event "Irena Warakomska Memorial A"]
[Site "Suwalki"]
[Date "2021.08.01"]
[Round "7"]
[White "Kacprzak, Kacper"]
[Black "Nurkiewicz, Maciej"]
[Result "0-1"]
[Board "16"]
[WhiteElo "2075"]
[WhiteCountry "POL"]
[WhiteFideId "21819319"]
[WhiteEloChange "-4"]
[BlackElo "2342"]
[BlackCountry "POL"]
[BlackFideId "1107046"]
[BlackEloChange "4"]

1. d4 {[%clk 1:30:54]} d5 {[%clk 1:27:59]} 2. c4 {[%clk 1:31:19]} e5 {[%clk
1:28:13]} 3. dxe5 {[%clk 1:29:57]} d4 {[%clk 1:28:37]} 4. Nf3 {[%clk 1:30:24]}
Nc6 {[%clk 1:28:57]} 5. Nbd2 {[%clk 1:27:30]} Bg4 {[%clk 1:08:37]} 6. g3 {[%clk
1:20:23]} Qd7 {[%clk 1:07:27]} 7. Qb3 {[%clk 1:13:45]} O-O-O {[%clk 1:04:10]} 8.
Bg2 {[%clk 1:12:33]} Nge7 {[%clk 1:02:53]} 9. O-O {[%clk 1:06:59]} Ng6 {[%clk
1:00:51]} 10. Re1 {[%clk 1:01:58]} h5 {[%clk 0:58:34]} 11. h4 {[%clk 0:57:57]} f6
{[%clk 0:51:30]} 12. exf6 {[%clk 0:52:18]} gxf6 {[%clk 0:51:54]} 13. a3 {[%clk
0:47:52]} Rg8 {[%clk 0:51:21]} 14. Nf1 {[%clk 0:30:54]} Bh3 {[%clk 0:47:29]} 15.
Bh1 {[%clk 0:29:39]} Qg4 {[%clk 0:30:58]} 16. N1h2 {[%clk 0:27:43]} Qe6 {[%clk
0:30:52]} 17. e3 {[%clk 0:26:23]} d3 {[%clk 0:27:56]} 18. Bd2 {[%clk 0:25:49]}
Bc5 {[%clk 0:16:32]} 19. Qb5 {[%clk 0:19:58]} Qd6 {[%clk 0:06:52]} 20. Nf1 {[%clk
0:15:46]} a6 {[%clk 0:05:15]} 21. Qa4 {[%clk 0:16:08]} Nce5 {[%clk 0:04:14]} 22.
N3h2 {[%clk 0:09:31]} Bd7 {[%clk 0:03:50]} 23. Qd1 {[%clk 0:08:19]} Nxc4 {[%clk
0:03:43]} 24. b4 {[%clk 0:08:02]} Bb6 {[%clk 0:03:26]} 25. Qxh5 {[%clk 0:07:47]}
Nge5 {[%clk 0:02:58]} 26. a4 {[%clk 0:06:03]} Rh8 {[%clk 0:02:49]} 27. Qd1 {[%clk
0:06:27]} Rdg8 {[%clk 0:03:08]} 28. Nf3 {[%clk 0:06:24]} Bg4 {[%clk 0:01:09]} 29.
Nxe5 {[%clk 0:06:24]} Nxe5 {[%clk 0:01:05]} 30. Qb3 {[%clk 0:06:18]} Nf3+ {[%clk
0:01:20]} 31. Bxf3 {[%clk 0:06:43]} Bxf3 {[%clk 0:01:48]} 32. Qc4 {[%clk
0:06:49]} Rg4 {[%clk 0:01:35]} 0-1

[Event "Irena Warakomska Memorial A"]
[Site "Suwalki"]
[Date "2021.08.01"]
[Round "7"]
[White "Pacuszka, Tomasz"]
[Black "Kucza, Karol"]
[Result "0-1"]
[Board "17"]
[WhiteElo "2184"]
[WhiteTitle "FM"]
[WhiteCountry "POL"]
[WhiteFideId "1119036"]
[WhiteEloChange "-6"]
[BlackElo "2337"]
[BlackTitle "FM"]
[BlackCountry "POL"]
[BlackFideId "1159755"]
[BlackEloChange "6"]

1. e4 {[%clk 1:30:54]} e6 {[%clk 1:30:51]} 2. d4 {[%clk 1:30:32]} d5 {[%clk
1:31:14]} 3. e5 {[%clk 1:30:55]} c5 {[%clk 1:31:37]} 4. c3 {[%clk 1:31:19]} Qb6
{[%clk 1:31:59]} 5. Nf3 {[%clk 1:31:36]} Bd7 {[%clk 1:32:08]} 6. Be2 {[%clk
1:31:54]} cxd4 {[%clk 1:25:44]} 7. cxd4 {[%clk 1:32:13]} Bb4+ {[%clk 1:22:22]} 8.
Nc3 {[%clk 1:28:31]} Bb5 {[%clk 1:20:57]} 9. O-O {[%clk 1:26:46]} Bxc3 {[%clk
1:14:06]} 10. Bxb5+ {[%clk 1:15:36]} Qxb5 {[%clk 1:14:28]} 11. bxc3 {[%clk
1:15:57]} Ne7 {[%clk 1:13:17]} 12. Ba3 {[%clk 1:07:12]} Nbc6 {[%clk 1:13:28]} 13.
Qc1 {[%clk 0:55:17]} O-O {[%clk 1:09:05]} 14. h4 {[%clk 0:55:12]} Rfc8 {[%clk
1:07:56]} 15. Re1 {[%clk 0:52:25]} Qd3 {[%clk 1:01:19]} 16. Re3 {[%clk 0:46:57]}
Qg6 {[%clk 1:00:37]} 17. Bxe7 {[%clk 0:45:45]} Nxe7 {[%clk 1:01:02]} 18. Qb1
{[%clk 0:45:36]} Nf5 {[%clk 0:50:29]} 19. Rd3 {[%clk 0:45:58]} b6 {[%clk
0:50:54]} 20. a4 {[%clk 0:45:06]} h6 {[%clk 0:47:07]} 21. a5 {[%clk 0:43:08]}
Rab8 {[%clk 0:46:11]} 22. axb6 {[%clk 0:43:22]} Rxb6 {[%clk 0:46:36]} 23. Qd1
{[%clk 0:43:35]} a6 {[%clk 0:46:53]} 24. g3 {[%clk 0:43:53]} Nxg3 {[%clk
0:39:42]} 25. fxg3 {[%clk 0:43:30]} Qxg3+ {[%clk 0:40:08]} 26. Kh1 {[%clk
0:42:17]} Rb2 {[%clk 0:38:37]} 27. Rd2 {[%clk 0:40:03]} Rxd2 {[%clk 0:38:43]} 28.
Nxd2 {[%clk 0:40:22]} Rxc3 {[%clk 0:37:45]} 0-1

[Event "Irena Warakomska Memorial A"]
[Site "Suwalki"]
[Date "2021.08.01"]
[Round "7"]
[White "Paszewski, Mateusz"]
[Black "Warchol, Kamil"]
[Result "1-0"]
[Board "18"]
[WhiteElo "2280"]
[WhiteTitle "FM"]
[WhiteCountry "POL"]
[WhiteFideId "1141058"]
[WhiteEloChange "7"]
[BlackElo "2183"]
[BlackTitle "CM"]
[BlackCountry "POL"]
[BlackFideId "21858241"]
[BlackEloChange "-7"]

1. c4 {[%clk 1:30:44]} e5 {[%clk 1:29:33]} 2. Nc3 {[%clk 1:31:07]} Nc6 {[%clk
1:28:56]} 3. g3 {[%clk 1:29:23]} d6 {[%clk 1:27:08]} 4. Bg2 {[%clk 1:29:36]} Be6
{[%clk 1:26:22]} 5. d3 {[%clk 1:29:40]} Qd7 {[%clk 1:25:41]} 6. Rb1 {[%clk
1:27:13]} g6 {[%clk 1:20:34]} 7. b4 {[%clk 1:25:51]} Bg7 {[%clk 1:18:20]} 8. b5
{[%clk 1:21:12]} Nd8 {[%clk 1:16:29]} 9. e3 {[%clk 1:20:13]} Ne7 {[%clk 1:12:33]}
10. Qb3 {[%clk 1:05:54]} h6 {[%clk 1:05:01]} 11. a4 {[%clk 1:02:39]} a5 {[%clk
0:52:59]} 12. Ba3 {[%clk 0:47:52]} O-O {[%clk 0:45:07]} 13. Nge2 {[%clk 0:46:02]}
Re8 {[%clk 0:37:31]} 14. O-O {[%clk 0:43:08]} c6 {[%clk 0:36:06]} 15. Rfd1 {[%clk
0:38:07]} Qc7 {[%clk 0:24:20]} 16. bxc6 {[%clk 0:33:30]} bxc6 {[%clk 0:24:07]}
17. d4 {[%clk 0:27:08]} Ra7 {[%clk 0:19:26]} 18. Qb8 {[%clk 0:11:18]} Nc8 {[%clk
0:10:58]} 19. d5 {[%clk 0:07:18]} cxd5 {[%clk 0:06:45]} 20. cxd5 {[%clk 0:06:20]}
Bd7 {[%clk 0:05:51]} 21. Rdc1 {[%clk 0:04:33]} f5 {[%clk 0:05:00]} 22. Qxc7
{[%clk 0:02:10]} Rxc7 {[%clk 0:05:27]} 23. Nb5 {[%clk 0:02:26]} Rb7 {[%clk
0:03:21]} 24. e4 {[%clk 0:00:52]} Bf8 {[%clk 0:02:05]} 25. Rc2 {[%clk 0:00:47]}
Na7 {[%clk 0:01:10]} 26. Nec3 {[%clk 0:01:05]} Nxb5 {[%clk 0:01:11]} 27. axb5
{[%clk 0:00:45]} Nf7 {[%clk 0:01:21]} 28. Bf1 {[%clk 0:00:57]} Rc8 {[%clk
0:01:43]} 29. Bd3 {[%clk 0:00:56]} fxe4 {[%clk 0:01:29]} 30. Bxe4 {[%clk
0:00:56]} Kg7 {[%clk 0:01:29]} 31. Bd3 {[%clk 0:00:47]} Be7 {[%clk 0:01:34]} 32.
Bc1 {[%clk 0:00:36]} Bf6 {[%clk 0:01:23]} 33. b6 {[%clk 0:00:47]} Bf5 {[%clk
0:01:08]} 34. Ne4 {[%clk 0:00:45]} Rxc2 {[%clk 0:00:50]} 35. Bxc2 {[%clk
0:01:14]} Bxe4 {[%clk 0:00:56]} 36. Bxe4 {[%clk 0:01:43]} Bd8 {[%clk 0:01:18]}
37. Be3 {[%clk 0:02:04]} Ng5 {[%clk 0:01:37]} 38. Bg2 {[%clk 0:00:57]} a4 {[%clk
0:00:46]} 39. h4 {[%clk 0:01:21]} Nh7 {[%clk 0:00:32]} 40. Bf1 {[%clk 0:30:36]}
Nf6 {[%clk 0:30:37]} 41. Ba6 {[%clk 0:28:00]} Rf7 {[%clk 0:30:24]} 42. b7 {[%clk
0:27:05]} Nd7 {[%clk 0:30:18]} 43. b8=Q {[%clk 0:25:29]} Nxb8 {[%clk 0:30:40]}
44. Rxb8 {[%clk 0:25:57]} a3 {[%clk 0:31:02]} 45. Rb3 {[%clk 0:25:19]} a2 {[%clk
0:30:43]} 46. Ra3 {[%clk 0:25:46]} g5 {[%clk 0:31:01]} 47. hxg5 {[%clk 0:25:20]}
Bxg5 {[%clk 0:31:25]} 48. Bxg5 {[%clk 0:25:32]} hxg5 {[%clk 0:31:54]} 49. Rxa2
{[%clk 0:25:59]} Kf6 {[%clk 0:32:17]} 50. Bd3 {[%clk 0:26:19]} Re7 {[%clk
0:32:30]} 51. Be4 {[%clk 0:26:43]} Rc7 {[%clk 0:32:56]} 52. g4 {[%clk 0:25:55]}
Rc4 {[%clk 0:33:19]} 53. f3 {[%clk 0:26:22]} Rb4 {[%clk 0:33:42]} 54. Kf2 {[%clk
0:26:46]} Rb3 {[%clk 0:34:04]} 55. Ke2 {[%clk 0:27:09]} Rc3 {[%clk 0:34:16]} 56.
Kd2 {[%clk 0:27:32]} Rc7 {[%clk 0:34:41]} 57. Kd3 {[%clk 0:27:52]} Rc5 {[%clk
0:35:05]} 58. Rh2 {[%clk 0:28:16]} Rc7 {[%clk 0:35:25]} 59. Rh6+ {[%clk 0:28:39]}
1-0